| 000 | 01235cam a22003497a 4500 | ||
|---|---|---|---|
| 001 | 14806296 | ||
| 003 | CEME | ||
| 005 | 20210628201557.0 | ||
| 008 | 070412s2006 ne a b 001 0 eng d | ||
| 010 | _a 2007533211 | ||
| 020 | _a9780080445533 | ||
| 020 | _a0080445535 | ||
| 035 | _a(OCoLC)ocm71018498 | ||
| 040 |
_aHKP _cHKP _dBAKER _dIXA _dYDXCP _dBOS _dDAY _dDLC |
||
| 042 | _alccopycat | ||
| 050 | 0 | 0 |
_aT174.7 _b.M36 2006 |
| 082 | 0 | 0 |
_a621.381 _222 |
| 100 | 1 |
_aMartinez-Duart, J. M. J.M. Martínez-Duart, R.J. Martín-Palma, F. Agulló-Rueda. _955911 |
|
| 245 | 1 | 0 | _aNanotechnology for microelectronics and optoelectronics / |
| 250 | _a1st ed. | ||
| 260 |
_aAmsterdam ; _aBoston : _bElsevier, _cc2006. |
||
| 300 |
_axix, 279 p. : _bill. ; _c25 cm. |
||
| 504 | _aIncludes bibliographical references and index. | ||
| 650 | 0 |
_aNanotechnology. _92826 |
|
| 650 | 0 |
_aOptoelectronics. _955912 |
|
| 650 | 0 |
_aMicroelectronics. _936495 |
|
| 700 | 1 |
_q(Raúl J.) _955913 |
|
| 700 | 1 |
_aAgulló-Rueda, Fernando. _955914 |
|
| 856 | 4 | 1 |
_3Table of contents only _uhttp://www.loc.gov/catdir/toc/fy0711/2007533211.html |
| 856 | 4 | 2 |
_3Publisher description _uhttp://www.loc.gov/catdir/enhancements/fy0713/2007533211-d.html |
| 942 |
_2ddc _cBK |
||
| 999 |
_c566524 _d566524 |
||